000 00429nam a22001817a 4500
003 MPLRDC
005 20220104143613.0
008 210129b ||||| |||| 00| 0 eng d
020 _a7-711-04007-6
082 _a415.53 WH
100 _a王豪 主编
245 _a病毒性肝炎防治与康复
_c
250 _a第一版
260 _a
_b人民卫生
_c2000
300 _b
650 _a肝病
942 _cBK
_o415.53 WH
999 _c41532
_d41522